000 00427nam a2200157Ia 4500
008 210210b1972 xxu||||| |||| 00| 0 eng d
082 _a598 DHAS
100 _aDHARMAKUMARSINHJI (R S)
245 _aSixty Indian birds.
260 _aIndia
_bPublication Division Ministry of Information & Broadcasting
_c1972
300 _axi,
650 _aIndian Birds
690 _aZoology
700 _aLAVKUMAR (K S).
906 _a032804
999 _c83791
_d83791